Business communication today (Record no. 1508)
[ view plain ]
| 000 -LEADER | |
|---|---|
| Fixed length control field | 00583nam a22002057a 4500 |
| 003 - CONTROL NUMBER IDENTIFIER | |
| Control field | SEACOMEC |
| 005 - DATE AND TIME OF LATEST TRANSACTION | |
| Control field | 20240802120415.0 |
| 008 - FIXED-LENGTH DATA ELEMENTS--GENERAL INFORMATION | |
| Fixed length control field | 240802b |||||||| |||| 00| 0 eng d |
| 020 ## - INTERNATIONAL STANDARD BOOK NUMBER / ISBN | |
| International Standard Book Number | 9789353062682 |
| Price | 375.00 |
| 040 ## - CATALOGING SOURCE | |
| Original cataloging agency | SEACOMEC |
| 082 ## - DEWEY DECIMAL CLASSIFICATION NUMBER | |
| Classification number | 658.45 |
| Book Number | B783 |
| 100 ## - MAIN ENTRY--PERSONAL NAME | |
| Personal name | Bovée, Courtland L |
| 245 ## - TITLE STATEMENT | |
| Title | Business communication today |
| Statement of responsibility | Courtland L. Bovée, John V Thill, and , Barbara E. Schatzman |
| 250 ## - EDITION STATEMENT | |
| Edition statement | 7th ed |
| 260 ## - IMPRINT | |
| Place of publication | Delhi |
| Name of publisher | Pearson education |
| Date of publication | 2003 |
| 300 ## - PHYSICAL DESCRIPTION | |
| Page / Vol. No | xxvi,606p |
| 700 ## - ADDED ENTRY--PERSONAL NAME | |
| Personal name | Thill, John V.; |
| 700 ## - ADDED ENTRY--PERSONAL NAME | |
| Personal name | Schatzman, Barbara E. |
| 942 ## - ADDED ENTRY ELEMENTS (KOHA) | |
| Koha item type | Books |
| Withdrawn status | Lost status | Source of classification | Damaged status | Not for loan | Home library | Current library | Date acquired | Total Checkouts | Call number | Accession number | Date last seen | Price effective from | Koha item type |
|---|---|---|---|---|---|---|---|---|---|---|---|---|---|
| Dewey Decimal Classification | SEACOM ENGINEERING COLLEGE | SEACOM ENGINEERING COLLEGE | 10/03/2007 | 658.45 B783 | 6372 | 02/08/2024 | 02/08/2024 | Books |
